| 000 | 00474nam a2200181Ia 4500 | ||
|---|---|---|---|
| 001 | 1760 | ||
| 005 | 20260306143752.0 | ||
| 008 | 260306t2015||||xx |||||||||||||| ||spa|| | ||
| 041 | _aESP | ||
| 082 |
_a155.3 _bI91 |
||
| 100 |
_aIturbe Gabikagosesaskoa, Xabier _eAUT |
||
| 245 | 0 |
_aCoeducar en la escuela infantil: _bsexualidad, amistad y sentimientos |
|
| 260 | _c2015 | ||
| 300 |
_a135 páginas : _c24 cm. |
||
| 650 | _aGEN | ||
| 654 | _aCPS | ||
| 942 |
_cLIB _dJUS _fJUS _2ddc _n |
||
| 999 |
_c1760 _d1760 |
||